| 000 | 00707nam a2200193 a 4500 | ||
|---|---|---|---|
| 005 | 20140414093826.0 | ||
| 008 | 030211s19uu xx 00 eng d | ||
| 050 |
_aVHS 370 _bR 04 |
||
| 100 | _aASCD | ||
| 245 |
_aHow to improve your questioning techniques / _cAssociation for Supervision and Curriculum Development. |
||
| 260 |
_aAlexandria, Va : _bAssociation for Supervision and Curriculum Development, _cc2000. |
||
| 300 | _a1 tape, 15 min. | ||
| 440 | _aA video series for the classroom teacher | ||
| 500 | _aLux library has 2 copies, Eli has 1. | ||
| 520 | _aExplores how to help students learn and apply study skills. | ||
| 650 | _aQuestioning techniques. | ||
| 942 | _cAVM | ||
| 999 |
_c108469 _d108469 |
||